As potencialidades da região do Algarve (Registo nº 34)

Detalhes MARC
000 -Etiqueta do registo
Cabeçalho 01045cam a2200349 4500
005 - Identificador da versão
Campo de controlo 20240813121753.0
010 ## - Número internacional normalizado dos livros (ISBN)
ISBN errado 972-732-522
021 ## - Número do Depósito Legal
Código do país PT
Número 144027/99
035 ## - Other System Control Numbers
System Control Number 0000035
System Control Number 0000035
System Control Number 0000035
System Control Number 0000035
100 ## - Dados gerais de processamento
Dados gerais de processamento 20000728d1999 m y0pory5003 ba
102 ## - Pais de publicação ou produção
País de publicação Portugal
101 0# - Língua de publicação
Língua do texto, banda sonora, etc. Português
106 ## - Campo de dados codificados: material textual
Dados codificados do material textual r
105 ## - Campo de dados codificados: livros
Dados codificados dos livros a z 001yy
215 ## - Descrição física 
Indicação específica da natureza do documento e extensão da espécie 291 p.
Outras indicações físicas il.
Dimensões 23 cm
200 1# - Titulo e menção de responsabilidade
Título próprio As potencialidades da região do Algarve
Primeira menção de responsabilidade coord. Álvaro Gonçalves Martins, Luís Gomes Centeno
225 2# - Colecção 
Título próprio da colecção Estudos
Indicação de volume 25
210 ## - Publicação, Distribuição, etc. 
Lugar da edição, distribuição, etc. Lisboa
Nome do editor, distribuidor, etc. Instituto do Emprego e Formação Profissional
Data da publicação, distribuição, etc. 1999
320 ## - Nota relativa a bibliografia e índices internos 
Texto da nota Bibliografia, p. 290-291
607 ## - Nome geográfico usado como assunto
Número de registo de entrada de autoridade 0000096
Palavra de ordem Algarve (Portugal)
Subdivisão de assunto Desenvolvimento regional
675 ## - Classificação Decimal Universal (CDU)
Notação 330.3(469.6)
Edição BN
Língua da edição por
Notação 353(469.6)
Edição BN
Língua da edição por
701 ## - Nome de autor-pessoa física (co-responsabilidade principal)
Palavra de ordem Centeno
Outra parte do nome não tomada para palavra de ordem Luís Miguel Gomes de Freitas
Código de função Autor / Co-autor
700 ## - Nome de autor-pessoa física (responsabilidade principal)
Número de registo de entrada de autoridade 0000099
Palavra de ordem Martins
Outra parte do nome não tomada para palavra de ordem Álvaro Gonçalves
966 ## - Identificação da Biblioteca
Sigla NUMETECA
942 ## - Elementos de entrada adicionados (Koha)
Tipo de item no Koha Livro
Exemplares
Situação do levantamento Origin of item (home branch) (coded) Biblioteca de empréstimo Código de barras Cota Circulation type (not for loan) Tipo de documento Nota do exemplar Damaged status
  Biblioteca Escolar Eng. Nuno Mergulhão Biblioteca Escolar Eng. Nuno Mergulhão BENM272 330   Livro Sem mensagem